Countries Rage Against the Machine has Visited - Statistics

General Stats
  • This quiz has been taken 20 times
  • The average score is 32 of 34
Answer Stats
Continent Country % Correct
Oceania Australia
100%
Europe Austria
100%
Europe Belgium
100%
South America Brazil
100%
South America Chile
100%
Europe Finland
100%
Europe France
100%
Europe Germany
100%
Europe Italy
100%
Europe Netherlands
100%
Europe Norway
100%
Asia/ Europe Russia
100%
Europe Spain
100%
Europe United Kingdom
100%
South America Argentina
94%
North America Canada
94%
Europe Czech Republic
94%
Europe Greece
94%
Asia Japan
94%
North America Mexico
94%
Oceania New Zealand
94%
Europe Poland
94%
Europe Portugal
94%
Asia South Korea
94%
Europe Sweden
94%
North America United States of America
94%
Europe Denmark
89%
Europe Ireland
89%
Europe Iceland
83%
Asia Philippines
83%
Europe Switzerland
78%
Asia Israel
72%
Asia Thailand
67%
Europe Slovenia
61%
No matching quizzes found
Score Distribution
Percent of People with Each Score
Percentile by Number Answered
Your Score History
You have not taken this quiz